000 00518nam a22002057a 4500
003 OSt
005 20140310183010.0
008 130211t xxu||||| |||| 00| 0 eng d
020 _a978971584893
050 _aRT 13.P6
_b.P6 2010
100 _aVenzon, Lydia M.
245 _aProfessional nursing in the Philippines /
_cVenzon, Lydia M.
260 _aQuezon City :
_bC & E,
_c2010.
300 _a501 p. :
_c22 cm.
521 _aNUR
562 _e1
942 _2lcc
_cBK
_kLOC
999 _c18225
_d18225